000 01428nam a2200313 i 4500
003 EG-GICUC
005 20260504113115.0
008 260504s2006 ua |||fr|||| 00| 0 ara d
017 _a2005/5660
020 _a977328168X
040 _a EG-GICUC
_bara
_c EG-GICUC
_d EG-GICUC
_erda
082 0 4 _221
_a345.441
_bف ؤ . ت
092 0 4 _221
099 _aLaw1 07 345.441 ف ؤ . ت 2006
100 1 _aفؤاد محمود معوض
_eمؤلف.
245 1 0 _aتأديب الموظف العام في الفقه الإسلامي والقانون الوضعي /
_cمستشار دكتور فؤاد محمود معوض.
264 1 _aالإسكندرية :
_bدار الجامعة الجديدة،
_c2006.
300 _a319 ؛ صفحة
_c24 سم
336 _2rda content
_atext
337 _2rda media
_aComputer
338 _2rda carrier
_aOnline Resource
500 _aمبدأ المشروعية في النطاق التأديبي في القانون الوضعي الاسلامي الجريمة التأديبية،صورها،اثباتها،تقادمها المسئولية والعقوبة والظروف المؤثرة فيهما.
504 _aيشتمل علي ارجاعات ببليوجرافية
650 1 4 _aتأديب العاملين المدنين بالدولة
_2qrmak
651 1 _2qrmak
856 4 0 _uhttps://fll.law.cu.edu.eg/fulltext/bks/B07-04433.pdf
905 _a161
942 _2ddc
_cBK
_e21
_n0
999 _c75474
_d75474